000 00635nam a2200229Ia 4500
999 _c45214
_d45214
001 12037
003 GE_BSU
005 20221118170848.0
008 181216s2006en xx |||||||||||||| ||eng||
020 _a9780330411981x
040 _cGE_BSU
041 _aeng
080 _a821.111-32 S-20
100 _aSansom,C.J.
_915949
245 _aWinter in Madrid /
_cC.J. Sansom
264 _aLondon :
_bPan Books,
_c2006.
300 _a549 p.:
_b20 cm.
653 _aWinter in Madrid
653 _aზამთარი მადრიდში
653 _aმხატვრული ლიტერატურა
942 _cBK
_2udc